=LDR 00000nam 2200000 4500 =001 INLIS000000000001869 =005 20130612090242 =008 ***********************************Ind** =035 ##$$0010-061300000001869 =041 ##$$a Ind =082 ##$$a 613.79 =090 ##$$a 613.79, Dav p =100 ##$$a Davis,Martha =245 ##$$a Panduan relaksasi dan redaksi stress, Martha Davis, Elizabeth Robbins Eshelman, Matthew McKay;alih bahasa,Achir Yani S.Hamid =260 ##$$a 1995 $b Jakarta =300 ##$$a v,267 hlm, ilus, 22 cm =650 ##$$a Relaksi Stres =850 ##$$a NBPNMAT